Game of thrones alphabet - Statistics

General Stats
  • This quiz has been taken 10 times
  • The average score is 17 of 25
Answer Stats
Hint Answer % Correct
One of Daenerys numerous titles Mother of Dragons
100%
Other name of Theon Reek
100%
Jon Snow's first love Ygritte
100%
Lives north of the Wall with all his wives Craster
89%
Place with the highest crime rate in King's landing Flea bottom
89%
The Mountain Gregor Clegane
89%
Port located close to Casterly Rock Lannisport
89%
Brienne's sword, given to her by Jaime Oath Keeper
89%
Little Finger Petyr Baelish
89%
First city that Daenerys took in slaver's bay Astapor
78%
Targaryan king who built the septuar in King's Landing Baelor
78%
Royal executioner for Joffrey Ilyn Payne
78%
Another family who has blood of the first men Karstark
78%
Missandei's birthplace Naath
78%
One of the 3 castles still manned on the wall Eastwatch by the sea
67%
Lord Commander Mormont's first name Jeor
67%
Brings the Mountain back to life Qyburn
67%
Baratheon princess, died in the flames Shireen
56%
Valar Morgulis Valar Dohaeris
56%
Roose Bolton's wife Walda
56%
Seat of house Glover, Theon went there on a mission when he served Ramsay Deepwood motte
33%
Joffrey's sword at the battle of the Black Water Heart Eater
33%
translation of "dovaogēdy" in the common tongue Unsullied
33%
High Valyrian for "grey worm" Torgo Nudho
11%
Trader in Qarth, betrayed Daenerys Xaro Xhoan Daxos
11%
No matching quizzes found
Score Distribution
Percent of People with Each Score
Percentile by Number Answered
Your Score History
You have not taken this quiz